| 000 | 007230000a22002050004500 | ||
|---|---|---|---|
| 090 |
_aAR _b02247 |
||
| 245 | 1 | 0 | _aPatrones de reproducción en dos poblaciones aisladas de Agelaius icterocephalus (<aves: Icteridae>) |
| 500 | _aCID tiene revista original | ||
| 650 | 1 | 4 |
_aAves _992429 |
| 650 | 1 | 4 |
_aReproducción animal _987770 |
| 650 | 1 | 4 |
_aOrnitología _993189 |
| 650 | 1 | 4 |
_aEcología _992250 |
| 651 | 4 |
_lRío Cauca _dValle del Cauca _pColombia _992749 |
|
| 651 | 4 |
_lLaguna de la Herrera _dCundinamarca _pColombia _992749 |
|
| 653 |
_fIcteridae _gAgelaius _eAgeliaus icterocephalus |
||
| 041 | 0 | _aEspañol | |
| 100 | 1 |
_aNaranjo Henao, Luis Germán _93891 |
|
| 942 | _cARTICULO | ||
| 773 | 1 |
_tCaldasia _345 _h86 _q89-100 _d1995 _g18 |
|
| 999 |
_c11319 _d11319 |
||